|
|
|
|
| LEADER |
01862nam a22003137a 4500 |
| 001 |
36866 |
| 003 |
BD-DhAAL |
| 005 |
20211222163850.0 |
| 008 |
191231t2018 xxua|||| |||| 00| 0 eng d |
| 999 |
|
|
|c 41977
|d 41977
|
| 020 |
|
|
|a 9781726017572
|
| 020 |
|
|
|a 1726017575
|
| 040 |
|
|
|a BD-DhAAL
|
| 082 |
|
|
|a 004.1
|2 21
|
| 100 |
|
|
|a Thomas, Andrew
|9 38689
|
| 245 |
|
|
|a Hidden plain sight 10 :
|b how to program a quantum computer /
|c Andrew Thomas
|
| 260 |
|
|
|a [pace not identified] :
|b CreateSpace Independent ,
|c c2018
|
| 300 |
|
|
|a xi, 177 pages :
|b illustrations ;
|c 21 cm
|
| 526 |
|
|
|a CSE
|
| 541 |
|
|
|a Karim International
|e 36866, 36867, 36868, 36869, 36870
|
| 650 |
|
|
|a Quantum computers.
|9 38690
|
| 650 |
|
|
|a Computer science.
|9 38691
|
| 852 |
|
|
|a Ayesha Abed Library
|c General Stacks
|
| 942 |
|
|
|2 ddc
|c BK
|
| 952 |
|
|
|0 0
|1 0
|2 ddc
|4 0
|6 004_100000000000000_THO
|7 0
|9 67559
|a BRACUL
|b BRACUL
|c GEN
|d 2019-12-29
|e Karim International
|g 1560.00
|l 2
|m 2
|o 004.1 THO
|p 3010036870
|r 2024-01-29
|s 2023-12-31
|t 5
|v 1560.00
|w 2019-12-29
|y BK
|
| 952 |
|
|
|0 0
|1 0
|2 ddc
|4 0
|6 004_100000000000000_THO
|7 0
|9 67560
|a BRACUL
|b BRACUL
|c GEN
|d 2019-12-29
|e Karim International
|g 1560.00
|l 3
|m 33
|o 004.1 THO
|p 3010036868
|q 2026-06-02
|r 2026-04-18
|s 2026-04-18
|t 3
|v 1560.00
|w 2019-12-29
|y BK
|
| 952 |
|
|
|0 0
|1 0
|2 ddc
|4 0
|6 004_100000000000000_THO
|7 0
|9 67561
|a BRACUL
|b BRACUL
|c GEN
|d 2019-12-29
|e Karim International
|g 1560.00
|l 5
|m 23
|o 004.1 THO
|p 3010036866
|q 2026-05-18
|r 2026-03-28
|s 2026-03-28
|t 1
|v 1560.00
|w 2019-12-29
|y BK
|
| 952 |
|
|
|0 0
|1 0
|2 ddc
|4 0
|6 004_100000000000000_THO
|7 0
|9 67562
|a BRACUL
|b BRACUL
|c GEN
|d 2019-12-29
|e Karim International
|g 1560.00
|l 3
|m 32
|o 004.1 THO
|p 3010036869
|r 2025-03-18
|s 2025-03-06
|t 4
|v 1560.00
|w 2019-12-29
|y BK
|
| 952 |
|
|
|0 0
|1 0
|2 ddc
|4 0
|6 004_100000000000000_THO
|7 0
|9 67563
|a BRACUL
|b BRACUL
|c GEN
|d 2019-12-29
|e Karim International
|g 1560.00
|l 2
|m 37
|o 004.1 THO
|p 3010036867
|r 2024-04-28
|s 2024-02-15
|t 2
|v 1560.00
|w 2019-12-29
|y BK
|